<?xml version="1.0" encoding="UTF-8"?>
<record
    xmlns:xsi="http://www.w3.org/2001/XMLSchema-instance"
    xsi:schemaLocation="http://www.loc.gov/MARC21/slim http://www.loc.gov/standards/marcxml/schema/MARC21slim.xsd"
    xmlns="http://www.loc.gov/MARC21/slim">

  <leader>02228nam a2200373 a 4500</leader>
  <controlfield tag="001">000000749</controlfield>
  <controlfield tag="003">DO-SdBNP</controlfield>
  <controlfield tag="005">20221003135840.0</controlfield>
  <controlfield tag="007">000000749</controlfield>
  <controlfield tag="008">090429s2006    dr ac         000 0 spa d</controlfield>
  <datafield tag="020" ind1=" " ind2=" ">
    <subfield code="a">9993425648</subfield>
  </datafield>
  <datafield tag="020" ind1=" " ind2=" ">
    <subfield code="a">9789993425649</subfield>
  </datafield>
  <datafield tag="040" ind1=" " ind2=" ">
    <subfield code="a">BPMSU</subfield>
    <subfield code="b">spa</subfield>
    <subfield code="c">BPMSU</subfield>
  </datafield>
  <datafield tag="082" ind1=" " ind2=" ">
    <subfield code="a">305.48</subfield>
    <subfield code="b">W548n 2006</subfield>
    <subfield code="2">22</subfield>
  </datafield>
  <datafield tag="100" ind1="1" ind2=" ">
    <subfield code="a">Weyland, Karin</subfield>
  </datafield>
  <datafield tag="245" ind1="1" ind2="0">
    <subfield code="a">Negociando la aldea global con un pie "aqu&#xED;" y otro "all&#xE1;" :</subfield>
    <subfield code="b">la di&#xE1;spora femenina dominicana y la transculturalidad como alternativa descolonizadora /</subfield>
    <subfield code="c">Karin Weyland ; pr&#xF3;logo Lucero Quiroga.</subfield>
  </datafield>
  <datafield tag="260" ind1="0" ind2=" ">
    <subfield code="a">Santo Domingo :</subfield>
    <subfield code="b">INTEC,</subfield>
    <subfield code="c">2006.</subfield>
  </datafield>
  <datafield tag="300" ind1=" " ind2=" ">
    <subfield code="a">ix, 319 p. :</subfield>
    <subfield code="b">il. , retr. ;</subfield>
    <subfield code="c">23 cm.</subfield>
  </datafield>
  <datafield tag="500" ind1=" " ind2=" ">
    <subfield code="a">Incluye breve biograf&#xED;a de la autora  en la  contracubierta.</subfield>
  </datafield>
  <datafield tag="500" ind1=" " ind2=" ">
    <subfield code="a">Incluye referencias bibliogr&#xE1;ficas y notas al  pie de las p&#xE1;ginas</subfield>
  </datafield>
  <datafield tag="504" ind1=" " ind2=" ">
    <subfield code="a">Incluye referencias bibliograficas y notas al pie de las p&#xE1;ginas</subfield>
  </datafield>
  <datafield tag="505" ind1="0" ind2=" ">
    <subfield code="t">Dedicatoria --</subfield>
    <subfield code="t">Agradecimiento --</subfield>
    <subfield code="t">Pr&#xF3;logo --</subfield>
    <subfield code="t">Introducci&#xF3;n y metodolog&#xED;a --</subfield>
    <subfield code="g">Cap&#xED;tulo 1.</subfield>
    <subfield code="t">La descolonizaci&#xF3;n de la migraci&#xF3;n y el nuevo paradigma de la sociedad local /</subfield>
    <subfield code="r">global --</subfield>
    <subfield code="g">Cap&#xED;tulo 2.</subfield>
    <subfield code="t">Negociando la ciudad global desde lo.....lo local: "Nueva Yol" y la transculturalidad como espacio de resistencia --</subfield>
    <subfield code="g">Cap&#xED;tulo 3.</subfield>
    <subfield code="t">La pol&#xED;tica de la indentidad local /</subfield>
    <subfield code="r">global y la mujer emigrante como nuevo sujeto hist&#xF3;rico --</subfield>
    <subfield code="g">Cap&#xED;tulo 4.</subfield>
    <subfield code="t">Ventajas del transnacionalismo "desde abajo" y los lazos migratorios de la dependencia colonial /</subfield>
    <subfield code="r">imperial --</subfield>
    <subfield code="g">Cap&#xED;tulo 5.</subfield>
    <subfield code="t">El transnacionalismo "desde arriba" : sus causas y or&#xED;genes vistos desde una mirada de g&#xE9;nero poscolonial --</subfield>
    <subfield code="t">Conclusi&#xF3;n final --</subfield>
    <subfield code="t">Bibliograf&#xED;a.</subfield>
  </datafield>
  <datafield tag="590" ind1=" " ind2=" ">
    <subfield code="6">Inventariado, 2022/VM</subfield>
  </datafield>
  <datafield tag="650" ind1=" " ind2="4">
    <subfield code="a">Mujeres inmigrantes</subfield>
    <subfield code="z">Nueva York (Estados Unidos)</subfield>
  </datafield>
  <datafield tag="650" ind1=" " ind2="4">
    <subfield code="a">Trabajo de la mujer</subfield>
    <subfield code="z">Estados Unidos.</subfield>
  </datafield>
  <datafield tag="650" ind1=" " ind2="4">
    <subfield code="a">Dominicanos en Nueva York (Estados Unidos)</subfield>
  </datafield>
  <datafield tag="651" ind1=" " ind2="4">
    <subfield code="a">Nueva York (Estados Unidos)</subfield>
    <subfield code="x">Emigraci&#xF3;n e inmigraci&#xF3;n.</subfield>
  </datafield>
  <datafield tag="651" ind1=" " ind2="4">
    <subfield code="a">Rep&#xFA;blica Dominicana</subfield>
    <subfield code="x">Emigraci&#xF3;n e inmigraci&#xF3;n.</subfield>
  </datafield>
  <datafield tag="651" ind1=" " ind2="4">
    <subfield code="a">Mujeres en la pol&#xED;tica </subfield>
    <subfield code="z">Estados Unidos </subfield>
  </datafield>
  <datafield tag="700" ind1="1" ind2=" ">
    <subfield code="a">Quiroga, Lucero,</subfield>
    <subfield code="e">pr&#xF3;l.</subfield>
  </datafield>
  <datafield tag="710" ind1="2" ind2=" ">
    <subfield code="a">Instituto Tecnol&#xF3;gico de Santo Domingo</subfield>
  </datafield>
  <datafield tag="910" ind1=" " ind2=" ">
    <subfield code="a">VMateo V./Validado.  </subfield>
  </datafield>
  <datafield tag="942" ind1=" " ind2=" ">
    <subfield code="2">ddc</subfield>
    <subfield code="c">BK</subfield>
  </datafield>
  <datafield tag="952" ind1=" " ind2=" ">
    <subfield code="0">0</subfield>
    <subfield code="1">0</subfield>
    <subfield code="2">ddc</subfield>
    <subfield code="4">0</subfield>
    <subfield code="7">0</subfield>
    <subfield code="8">CD</subfield>
    <subfield code="a">BPMET</subfield>
    <subfield code="b">BPMET</subfield>
    <subfield code="d">2015-08-07</subfield>
    <subfield code="e">FUNDI</subfield>
    <subfield code="o">BPMSU CD 305.48 W548n 2006</subfield>
    <subfield code="p">BPMSU15080246</subfield>
    <subfield code="r">2015-08-07</subfield>
    <subfield code="w">2015-08-07</subfield>
    <subfield code="y">BK</subfield>
  </datafield>
  <datafield tag="952" ind1=" " ind2=" ">
    <subfield code="0">0</subfield>
    <subfield code="1">0</subfield>
    <subfield code="2">ddc</subfield>
    <subfield code="4">0</subfield>
    <subfield code="7">0</subfield>
    <subfield code="8">CD</subfield>
    <subfield code="a">BPMET</subfield>
    <subfield code="b">BPMET</subfield>
    <subfield code="d">2017-10-31</subfield>
    <subfield code="e">FUNDI</subfield>
    <subfield code="o">BPMSU CD 305.48 W548n 2006</subfield>
    <subfield code="p">BPMSU17100189</subfield>
    <subfield code="r">2017-10-31</subfield>
    <subfield code="t">e.2</subfield>
    <subfield code="w">2017-10-31</subfield>
    <subfield code="y">BK</subfield>
  </datafield>
  <datafield tag="952" ind1=" " ind2=" ">
    <subfield code="0">0</subfield>
    <subfield code="1">0</subfield>
    <subfield code="2">ddc</subfield>
    <subfield code="4">0</subfield>
    <subfield code="7">0</subfield>
    <subfield code="8">CD</subfield>
    <subfield code="a">BPMET</subfield>
    <subfield code="b">BPMET</subfield>
    <subfield code="d">2017-10-31</subfield>
    <subfield code="e">FUNDI</subfield>
    <subfield code="o">BPMSU CD 305.48 W548n 2006</subfield>
    <subfield code="p">BPMSU17100190</subfield>
    <subfield code="r">2017-10-31</subfield>
    <subfield code="t">e.3</subfield>
    <subfield code="w">2017-10-31</subfield>
    <subfield code="y">BK</subfield>
  </datafield>
  <datafield tag="999" ind1=" " ind2=" ">
    <subfield code="c">8143</subfield>
    <subfield code="d">8143</subfield>
  </datafield>
</record>
